|
|
|
|
| LEADER |
00000nam0a2200000 4500 |
| 001 |
127132 |
| 005 |
20231031132117.0 |
| 035 |
|
|
|a (RuTPU)RU\TPU\book\137516
|
| 090 |
|
|
|a 127132
|
| 100 |
|
|
|a 20071210d1977 m y0rusy50 ca
|
| 101 |
2 |
|
|a rus
|c rus
|
| 102 |
|
|
|a RU
|
| 105 |
|
|
|a a z 000ay
|
| 200 |
1 |
|
|a Западноевропейский эпос
|f сост. Л. А. Плотникова ; авт. послесл. Н. В. Рыкова
|
| 210 |
|
|
|a Ленинград
|c Лениздат
|d 1977
|
| 215 |
|
|
|a 752 с.
|c ил.
|
| 610 |
1 |
|
|a западноевропейская литература
|
| 610 |
1 |
|
|a эпос
|
| 675 |
|
|
|a 89
|v 3
|
| 702 |
|
1 |
|a Плотникова
|b Л. А.
|4 220
|
| 702 |
|
1 |
|a Рыкова
|b Н. В.
|4 075
|
| 801 |
|
1 |
|a RU
|b 63413507
|c 20071210
|g PSBO
|
| 942 |
|
|
|c BK
|